000 00462nam a2200181Ia 4500
001 15913
005 20260306170231.0
008 260306t2011||||xx |||||||||||||| ||und||
041 _aESP
082 _a620.37
_bK38
100 _aKelly, James M.
_eAUT
245 0 _aMechanics of rubber bearings for seismic and vibration isolation
260 _c2011
300 _axv, 222 páginas :
_c26 cm.
650 _aGEN
654 _aCII
942 _cLIB
_dJUS
_fJUS
_2ddc
_n
999 _c15913
_d15913